Gaming Quiz

Random Gaming or Pokémon Quiz

Alphabetical Pokemon A-K (All Gens.) Quiz Stats

Quiz not verified by Sporcle

Also try: Rock Band Songs
Challenge
Share
Tweet
Embed
Score 0/282 Timer 20:00
0 Plays Today
Letter Pokemon % Correct
AAbra
97.4%
AAlakazam
96.6%
CCharmander
95.6%
CCharizard
95.3%
CCharmeleon
95.3%
BBulbasaur
95.2%
AArticuno
94.4%
AArcanine
93.7%
BButterfree
93.6%
AAerodactyl
93.5%
EElectabuzz
93.3%
GGastly
93.2%
BBeedrill
93%
GGengar
93%
EElekid
92.8%
CChikorita
92.7%
GGeodude
92.7%
IIvysaur
92.7%
FFlareon
92.6%
GGolem
92.6%
GGraveler
92.5%
AArbok
92.4%
BBayleef
92.4%
BBlastoise
92.3%
IIgglybuff
92.3%
JJigglypuff
92.2%
CCyndaquil
92.1%
CClefairy
92%
DDratini
92%
DDragonite
91.9%
EEevee
91.9%
CCaterpie
91.8%
AAbomasnow
91.8%
CClefable
91.7%
DDragonair
91.7%
HHaunter
91.7%
JJolteon
91.6%
CChansey
91.6%
CChimchar
91.3%
BBlaziken
91.3%
AAbsol
91.1%
CCroconaw
90.9%
IInfernape
90.8%
CCleffa
90.8%
CCombusken
90.8%
DDugtrio
90.6%
DDiglett
90.5%
GGolbat
90.5%
GGrovyle
90.3%
EElectivire
90.3%
EEkans
90.2%
BBlissey
90.1%
KKadabra
90.1%
HHo-Oh
90%
HHitmonlee
90%
EElectrode
89.9%
EEntei
89.9%
GGlaceon
89.9%
HHitmonchan
89.9%
JJynx
89.7%
EEspeon
89.6%
AAnorith
89.5%
AArmaldo
89.5%
FFeraligatr
89.3%
GGrowlithe
89.3%
KKabuto
89.3%
GGoldeen
89.2%
KKingler
89.2%
KKabutops
89.1%
EEmpoleon
89.1%
KKrabby
89.1%
DDoduo
89%
GGroudon
89%
AAzumarill
88.9%
HHitmontop
88.9%
BBellsprout
88.9%
AAxew
88.8%
DDodrio
88.8%
AAzurill
88.8%
AAzelf
88.6%
AAipom
88.6%
BBeautifly
88.6%
KKakuna
88.5%
CCrobat
88.5%
FFearow
88.5%
AAron
88.4%
JJirachi
88.4%
GGyarados
88.3%
AAggron
88.3%
AArceus
88.3%
KKyogre
88.3%
GGardevoir
88.2%
AAriados
88.2%
GGrotle
88.2%
Letter Pokemon % Correct
HHappiny
88.1%
GGarchomp
88%
FFarfetch'd
87.9%
GGolduck
87.9%
AAmpharos
87.8%
BBagon
87.8%
GGloom
87.7%
DDustox
87.4%
AAmbipom
87.2%
CCelebi
87.2%
CCascoon
87.1%
CCloyster
87%
AAltaria
87%
EExeggcute
86.9%
EExeggutor
86.8%
KKingdra
86.7%
EEmboar
86.7%
GGabite
86.7%
HHorsea
86.7%
JJumpluff
86.7%
GGible
86.6%
DDeoxys
86.5%
DDuskull
86.3%
DDusclops
86.1%
HHoppip
86.1%
AArcheops
86%
BBastiodon
86%
AArchen
85.8%
DDialga
85.8%
EElectrike
85.7%
BBellossom
85.7%
CCrawdaunt
85.6%
BBeldum
85.6%
GGrimer
85.5%
KKirlia
85.5%
DDarkrai
85.5%
DDewott
85.5%
DDusknoir
85.4%
CCradily
85.4%
DDrowzee
85.3%
DDewgong
85.2%
CCorphish
85.1%
CClamperl
85.1%
GGallade
84.9%
HHoothoot
84.9%
DDeino
84.9%
GGorebyss
84.8%
AAccelgor
84.7%
GGlalie
84.7%
HHaxorus
84.7%
FFraxure
84.5%
FFroslass
84.5%
HHuntail
84.5%
CCresselia
84.4%
HHypno
84.3%
BBidoof
84.3%
KKoffing
84.3%
CChimecho
84.2%
BBanette
84.2%
CCubone
84.2%
GGiratina
84.2%
CCacnea
84.1%
FFlaaffy
84.1%
CCarvanha
83.9%
CCacturne
83.8%
FFurret
83.8%
BBibarel
83.7%
CChingling
83.7%
CCranidos
83.7%
HHoundoom
83.6%
HHoundour
83.5%
HHydreigon
83.4%
BBurmy
83.3%
HHariyama
83.2%
HHeracross
83.2%
IIllumise
83.2%
KKangaskhan
83.1%
GGliscor
83%
CCombee
82.9%
EEelektross
82.8%
GGligar
82.8%
BBuizel
82.8%
BBudew
82.6%
CCobalion
82.6%
AAlomomola
82.6%
KKyurem
82.5%
HHeatran
82.4%
CChinchou
82.2%
JJoltik
82.1%
BBonsly
82%
GGlameow
82%
EEelektrik
81.9%
BBaltoy
81.8%
KKlink
81.8%
Letter Pokemon % Correct
KKlang
81.7%
KKlinklang
81.6%
KKecleon
81.3%
CCubchoo
81.2%
FFeebas
81.2%
DDarumaka
81.1%
DDonphan
81.1%
CCorsola
81.1%
BBeartic
81%
BBuneary
80.9%
CCamerupt
80.8%
DDunsparce
80.8%
DDarmanitan
80.7%
GGalvantula
80.6%
EExploud
80.6%
KKeldeo
80.6%
JJellicent
80.5%
CClaydol
80.5%
KKrookodile
80.5%
DDrapion
80.5%
EEmolga
80.5%
FForretress
80.5%
GGothita
80.4%
KKarrablast
80.4%
DDitto
80.3%
GGolurk
80.3%
BBarboach
80.2%
FFloatzel
80.2%
KKrokorok
80.2%
FFrillish
80.1%
GGolett
80.1%
GGothitelle
80.1%
GGurdurr
80.1%
GGirafarig
80.1%
DDelibird
80.1%
CConkeldurr
80%
DDrifloon
79.8%
AAudino
79.7%
CCherrim
79.7%
GGothorita
79.7%
CCherubi
79.6%
DDrifblim
79.6%
EExcadrill
79.6%
CCastform
79.5%
HHonchkrow
79.5%
BBoldore
79.4%
CCarracosta
79.4%
CCryogonal
79.3%
BBronzor
79.1%
CChandelure
79%
DDrilbur
79%
DDruddigon
79%
FFlygon
79%
BBreloom
78.9%
GGastrodon
78.8%
BBronzong
78.7%
GGigalith
78.7%
DDelcatty
78.6%
DDurant
78.6%
EEscavalier
78.5%
KKricketune
78.5%
KKricketot
78.4%
HHerdier
78.3%
AAmoonguss
78.3%
CChatot
78.3%
CCarnivine
78.2%
BBasculin
78.2%
GGenesect
78.1%
HHeatmor
77.9%
FFerroseed
77.2%
FFerrothorn
77.1%
GGarbodor
77%
CCrustle
77%
DDuosion
76.9%
CCroagunk
76.8%
FFinneon
76.7%
CCofagrigus
76.3%
DDwebble
76.3%
GGranbull
76.3%
BBraviary
76.1%
BBlitzle
76%
DDeerling
75.7%
GGulpin
75.6%
GGrumpig
75.5%
DDucklett
74.7%
FFoongus
74.6%
HHippopotas
74%
HHippowdon
73.8%
BBouffalant
73.4%
EElgyem
72.9%
BBeheeyem
72.7%
BBisharp
72.2%
CCinccino
71.3%
CCottonee
71.2%

You're not logged in!

Compare scores with friends on all Sporcle quizzes.
Sign Up with Email
OR
Log In

You Might Also Like...

Show Comments

Extras

Top Quizzes Today


Score Distribution

Your Account Isn't Verified!

In order to create a playlist on Sporcle, you need to verify the email address you used during registration. Go to your Sporcle Settings to finish the process.